00843nam a2200217Ia 4500001002200000003000900022008004100031040002300072041001300095100001900108240008500127245008200212250001500294260003000309300002500339490004700364501012400411520003300535700002500568700003200593232-MEI jo eb (16255)IT-MiSPE171229s9999||||xx |||||||||||||| ||und|| aIT-MiSPEcIT-MiSPE aITALIANO aJohn P. Meier  aA Marginal Jew: Rethinking the Historical Jesus: III. Companions and Competitors 0aUn ebreo marginale: Ripensare il Gesù storicobIII. Compagni ed antagonisti a1a ed. (v) aBresciabQuerinianac2003 a723 p. [4 v.]c23 cm a Biblioteca di teologia contemporaneav125 aEdizioni San Paolo srl - Piazza Soncino, 5 - 20092 CINISELLO BALSAMO (MI) (non commercial uses only) ® Copyright 2018 aAltri autori: Luca De Santis aFlavio Dalla Vecchia aLaura Ferrarig(traduzione)